The noble scholar, jurist, historian


 His Excellency Dr. Abdul Wahhab bin Ibrahim Abu Sulaiman, may Allah have mercy on him.


 He was born in Umm Al-Qura in the year 1356 AH.

الدراسات اللغوية عند ابن مالك بين فقه اللغة وعلم اللغة / (Record no. 14791)

MARC details
000 -LEADER
fixed length control field 01384cam a22003011i 4500
003 - CONTROL NUMBER IDENTIFIER
control field SA-RiAUC
005 - DATE AND TIME OF LATEST TRANSACTION
control field 20260415132217.0
008 - FIXED-LENGTH DATA ELEMENTS--GENERAL INFORMATION
fixed length control field 260415s1998 su f b f00010dara c
020 ## - INTERNATIONAL STANDARD BOOK NUMBER
International Standard Book Number 9960032264
040 ## - CATALOGING SOURCE
Original cataloging agency SA-JeALM
Language of cataloging ara
Transcribing agency SA-RiAUC
Description conventions rda
082 04 - DEWEY DECIMAL CLASSIFICATION NUMBER
Classification number 410
Assigning agency SA-RiAUC
090 ## - LOCALLY ASSIGNED LC-TYPE CALL NUMBER (OCLC); LOCAL CALL NUMBER (RLIN)
Classification number (OCLC) (R) ; Classification number, CALL (RLIN) (NR) 410
Local cutter number (OCLC) ; Book number/undivided call number, CALL (RLIN) ي ن ب
100 1# - MAIN ENTRY--PERSONAL NAME
Personal name الينبعاوي، غنيم غانم عبد الكريم،
Dates associated with a name 1362-1440 هجري
Relator term مؤلف.
245 12 - TITLE STATEMENT
Title الدراسات اللغوية عند ابن مالك بين فقه اللغة وعلم اللغة /
Statement of responsibility, etc. تأليف غنيم بن غانم عبد الكريم الينبعاوي.
246 30 - VARYING FORM OF TITLE
Title proper/short title فقه اللغة
246 30 - VARYING FORM OF TITLE
Title proper/short title علم اللغة
264 #1 - PRODUCTION, PUBLICATION, DISTRIBUTION, MANUFACTURE, AND COPYRIGHT NOTICE
Place of production, publication, distribution, manufacture مكة المكرمة :
Name of producer, publisher, distributor, manufacturer جامعة أم القرى، معهد البحوث العلمية وإحياء التراث الإسلامي،
Date of production, publication, distribution, manufacture, or copyright notice 1998
300 ## - PHYSICAL DESCRIPTION
Extent 432 صفحة ؛
Dimensions 24 سم.
336 ## - CONTENT TYPE
Content type term نص
Content type code txt
Source rdacontent
Materials specified كتاب
337 ## - MEDIA TYPE
Media type term بدون وسيط
Media type code n
Source rdamedia
490 0# - SERIES STATEMENT
Series statement سلسلة الرسائل العلمية الموصى بطبعها ؛
Volume/sequential designation 12
504 ## - BIBLIOGRAPHY, ETC. NOTE
Bibliography, etc. note ببليوجرافية : صفحة 387-411.
600 17 - SUBJECT ADDED ENTRY--PERSONAL NAME
Personal name ابن مالك، محمد بن عبد الله،
Dates associated with a name 600-672 هجري
Source of heading or term aucnm
650 #7 - SUBJECT ADDED ENTRY--TOPICAL TERM
Topical term or geographic name entry element فقه اللغة العربية
Source of heading or term aucsh
650 ## - SUBJECT ADDED ENTRY--TOPICAL TERM
Topical term or geographic name entry element اللغة العربية
Form subdivision النحو
942 ## - ADDED ENTRY ELEMENTS (KOHA)
Source of classification or shelving scheme Dewey Decimal Classification
Koha item type Books
Suppress in OPAC No
949 ## - LOCAL PROCESSING INFORMATION (OCLC)
a SA-JeALM
d 260415
u osman123
n 1
Holdings
Withdrawn status Lost status Source of classification or shelving scheme Damaged status Not for loan Home library Current library Date acquired Total checkouts Full call number Barcode Date last seen Price effective from Koha item type
    Dewey Decimal Classification     DR AbdElwahab Library DR AbdElwahab Library 04/15/2026   410 ي ن ب 000023368 04/15/2026 04/15/2026 Books